000 00770nam a2200253 a 4500
008 951214s1988||||[C 0 slo c
020 _c22 Kčs.
_q(35200 výtl.)
040 _aSNK
_bslo
_cSNK
_eAACR2
041 1 _aslo
_hswe
044 _axo
_cSK
080 _a839.7-3
100 1 _aLundkvist, Artur
_4aut
245 1 0 _aBabylon, neviestka bohov
_cArtur Lundkvist ; Milan Richter, Milan Richter, Emil Sedlák, Karol Rosmány
250 _a1., vyd.
260 _aBratislava
_bSmena
_c1988
_eBratislava
_fPravda
300 _a239 s., 14,31 AH
_c20 cm
490 0 _aMáj
_vZv. 509.
500 _aIlustr. na front.
700 1 _aRichter, Milan
_4trl
700 1 _aRichter, Milan
_4[ADC]
700 1 _aSedlák, Emil
_4bkd
700 1 _aRosmány, Karol
_4bkd
958 _aA
999 _c12043
_d12043